• 首页
  • 本馆介绍
  • 公告通知
  • 最新文献
  • 馆藏检索
  • 电子资源
  • 读者导购
  • 参考咨询
  • 我的图书馆
  • 登录
  • 详细信息显示
  • 放入我的书架
  • 预约/预借图书
  • 作者相关作品
  • 分类相关作品
  • 丛书相关作品
  • 出版社相关作品

书目信息

  • 表格格式
  • 工作单格式
  • 卡片格式
题名:
我的前半生
    
 
作者: 爱新觉罗·溥仪 著
分册:  
出版信息: 北京   群众出版社  2007
页数: 509页
开本: 24cm
丛书名:
单 册:
中图分类: K827=72 , K827
科图分类:
主题词:
电子资源:
ISBN: 7-5014-3851-X
000 00797nam0 2200241 450
001 1558529558
005 20150126161601.17
010    @a7-5014-3851-X@b精装@dCNY58.00
100    @a20070227d2007 em y0chiy50 ea
101 0  @achi
102    @aCN@b110000
105    @aa z 000yd
200 1  @a我的前半生@9wo de qian ban sheng@e全本@f爱新觉罗·溥仪著
210    @a北京@c群众出版社@d2007
215    @a509页@c照片@d24cm
330    @a本书记述了爱新觉罗·溥仪的家世、出身、童年,到他当上末代皇帝,以及接受改造的经过。
600  0 @a爱新觉罗·溥仪@f(1906~1967)@x回忆录
600  0 @a爱新觉罗·溥仪@f(1906~1967)
690    @aK827=72@v5
690    @aK827@v4
701  0 @c(满)@a爱新觉罗·溥仪@9ai xin jue luo · pu yi@f(1906~1967)@4著
801  0 @aCN@bTSSF@c20150126
905    @aZUCC@dK827@eJY197
    
    我的前半生:全本/爱新觉罗·溥仪著.-北京:群众出版社,2007
    509页:照片;24cm
    
    
    ISBN 7-5014-3851-X(精装):CNY58.00
    本书记述了爱新觉罗·溥仪的家世、出身、童年,到他当上末代皇帝,以及接受改造的经过。
●
相关链接 在E读中查询图书 在五车中查询图书 在当当中查询图书 在豆瓣中查询图书


正题名:我的前半生     索取号:K827/JY197         预约/预借

序号 登录号 条形码 馆藏地/架位号 状态 备注
1 7838858   278388585   学院路分馆/ [索取号:K827/JY197] 在馆    
唐山师范学院图书馆 欢迎您!
大连网信软件有限公司© 版权所有